Faculty of Law Library — Cairo University

Official Online Catalog

تعويض أضرار الحرب فى القانون الدولى العام : (Record no. 60399)

MARC details
000 -LEADER
fixed length control field 01223nam a2200313 i 4500
003 - CONTROL NUMBER IDENTIFIER
control field EG-GICUC
005 - DATE AND TIME OF LATEST TRANSACTION
control field 20260202233207.0
008 - FIXED-LENGTH DATA ELEMENTS--GENERAL INFORMATION
fixed length control field 260202s1995 ua ||||| |||| 00| 0 ara d
020 ## - INTERNATIONAL STANDARD BOOK NUMBER
International Standard Book Number 977-041477-8
040 ## - CATALOGING SOURCE
Original cataloging agency EG-GICUC
Language of cataloging ara
Transcribing agency EG-GICUC
Modifying agency EG-GICUC
Description conventions rda
043 ## - GEOGRAPHIC AREA CODE
Geographic area code ua#
082 04 - DEWEY DECIMAL CLASSIFICATION NUMBER
Edition number 21
Classification number 341.66
Item number ح ا . ت
092 04 - LOCALLY ASSIGNED DEWEY CALL NUMBER (OCLC)
Edition number 21
Classification number 341.66
099 ## - LOCAL FREE-TEXT CALL NUMBER (OCLC)
Classification number Law1 11 341.66 ح ا . ت 1995
100 0# - MAIN ENTRY--PERSONAL NAME
Personal name حازم حسن جمعة،
Relator term مؤلف.
245 ## - TITLE STATEMENT
Title تعويض أضرار الحرب فى القانون الدولى العام :
Remainder of title دراسة تطبيقية عن لجنة الأمم المتحدة لتعويضات الحرب العراقية الكويتية /
Statement of responsibility, etc. حازم حسن جمعة
264 ## - PRODUCTION, PUBLICATION, DISTRIBUTION, MANUFACTURE, AND COPYRIGHT NOTICE
Place of production, publication, distribution, manufacture القاهرة :
Name of producer, publisher, distributor, manufacturer دار النهضة العربية،
Date of production, publication, distribution, manufacture, or copyright notice 1995.
300 ## - PHYSICAL DESCRIPTION
Extent 264 صفحة
Dimensions 24 سم
336 ## - CONTENT TYPE
Source rda content
Content type term text
337 ## - MEDIA TYPE
Source rda media
Media type term Computer
338 ## - CARRIER TYPE
Source rda carrier
Carrier type term Online Resource
500 ## - GENERAL NOTE
General note يشتمل على إرجاعات ببليوجرافية
650 1# - SUBJECT ADDED ENTRY--TOPICAL TERM
Topical term or geographic name entry element القانون الحربى
Source of heading or term qrmak
650 1# - SUBJECT ADDED ENTRY--TOPICAL TERM
Topical term or geographic name entry element أضرار الحروب
651 1# - SUBJECT ADDED ENTRY--GEOGRAPHIC NAME
Source of heading or term qrmak
856 40 - ELECTRONIC LOCATION AND ACCESS
Uniform Resource Identifier <a href="https://fll.law.cu.edu.eg/fulltext/bks/B11-04993.pdf">https://fll.law.cu.edu.eg/fulltext/bks/B11-04993.pdf</a>
905 ## - Cataloger and Reviser Names
Cataloger Name: Nermin
942 ## - ADDED ENTRY ELEMENTS (KOHA)
Source of classification or shelving scheme Dewey Decimal Classification
Koha item type Books
Edition 21
Suppress in OPAC No
Holdings
Withdrawn status Lost status Source of classification or shelving scheme Damaged status Not for loan Collection Home library Current library Date acquired Total checkouts Full call number Barcode Date last seen Copy number Price effective from Koha item type Source of acquisition
    Dewey Decimal Classification   Not for loan القانون الدولي العام جــــامعة القــاهرة مكتبة كلية الحقوق - المبنى الرئيسي 02.02.2026   Law1 11 341.66 ح ا . ت 1995 1104993 C1 B11-04993 02.02.2026 1 02.02.2026 Books  
    Dewey Decimal Classification     القانون الدولي العام جــــامعة القــاهرة مكتبة كلية الحقوق - المبنى الرئيسي 20.04.2026   Law1 11 341.66 ح ا . ت 1995 1110138 C2 B11-10138 20.04.2026 2 20.04.2026 Books إهداء مكتبة الأستاذ الدكتور صلاح عامر

© All rights reserved — Faculty of Law, Cairo University